[Event "Muensterland Verbandsliga 0708"]
[Site "Germany"]
[Date "2007.11.03"]
[Round "3.7"]
[White "Wuestnienhaus, Andreas"]
[Black "Stroessner, Lena"]
[Result "1-0"]
[WhiteElo "1889"]
[BlackElo "1744"]
[PlyCount "49"]
[EventDate "2007.09.08"]
[EventType "team"]
[EventRounds "9"]
[EventCountry "GER"]
[SourceTitle "EXT 2009"]
[Source "ChessBase"]
[SourceDate "2008.11.26"]
[SourceVersion "1"]
[SourceVersionDate "2008.11.26"]
[SourceQuality "1"]
[WhiteTeam "Bocholt"]
[BlackTeam "Olfen"]
[WhiteTeamCountry "GER"]
[BlackTeamCountry "GER"]

1. c4 e6 2. d4 d5 3. Nc3 c6 4. Nf3 dxc4 5. g3 b5 6. Bg2 Bb7 7. Ne5 Qc8 8. 0-0 Nf6 9. e4 Be7 10. d5 0-0 11. Qe2 Re8 12. f4 exd5 13. exd5 Nxd5 14. Qh5 g6 15. Qh6 Bf8 16. Qh4 Nxc3 17. bxc3 Nd7 18. Nxf7 Kxf7 19. Qxh7+ Bg7 20. f5 gxf5 21. Bh6 Rg8 22. Rxf5+ Nf6 23. Raf1 Ke6 24. Rxf6+ Bxf6 25. Bh3+ 1-0

[Event "Muensterland Verbandsliga 0405"]
[Site "Muensterland"]
[Date "2005.01.29"]
[Round "5.8"]
[White "Boerger, Andreas"]
[Black "Wuestnienhaus, Andreas"]
[Result "1-0"]
[WhiteElo "1843"]
[BlackElo "1908"]
[PlyCount "49"]
[EventDate "2004.09.18"]
[EventType "team"]
[EventRounds "9"]
[EventCountry "GER"]
[SourceTitle "EXT 2006"]
[Source "ChessBase"]
[SourceDate "2005.11.24"]
[SourceVersion "1"]
[SourceVersionDate "2005.11.24"]
[SourceQuality "1"]
[WhiteTeam "Muenster III"]
[BlackTeam "Bocholt"]
[WhiteTeamCountry "GER"]
[BlackTeamCountry "GER"]

1. c4 c5 2. Nc3 Nc6 3. g3 Nf6 4. Bg2 g6 5. d3 Bg7 6. Bd2 0-0 7. Qc1 Re8 8. Nf3 d5 9. cxd5 Nxd5 10. 0-0 e5 11. Rb1 Nc7 12. Bg5 f6 13. Be3 Ne6 14. Ne4 b6 15. Qc4 Na5 16. Qc2 Bb7 17. Bd2 Nc6 18. b4 cxb4 19. Bxb4 Nxb4 20. Rxb4 f5 21. Ned2 Rc8 22. Rc4 Bd5 23. Rxc8 Qxc8 24. Rc1 Qb7 25. e4 1-0

[Event "Muensterland Verbandsliga 0405"]
[Site "Muensterland"]
[Date "2004.12.04"]
[Round "4.8"]
[White "Wuestnienhaus, Andreas"]
[Black "Moeller, Christian"]
[Result "1-0"]
[WhiteElo "1908"]
[BlackElo "1751"]
[PlyCount "67"]
[EventDate "2004.09.18"]
[EventType "team"]
[EventRounds "9"]
[EventCountry "GER"]
[SourceTitle "EXT 2006"]
[Source "ChessBase"]
[SourceDate "2005.11.24"]
[SourceVersion "1"]
[SourceVersionDate "2005.11.24"]
[SourceQuality "1"]
[WhiteTeam "Bocholt"]
[BlackTeam "Ibbenbueren"]
[WhiteTeamCountry "GER"]
[BlackTeamCountry "GER"]

1. d4 d5 2. c4 c6 3. Nc3 Nf6 4. Bg5 e6 5. e3 Be7 6. Rc1 0-0 7. Nf3 Nbd7 8. Bd3 h6 9. Bh4 Ne4 10. Bxe7 Nxc3 11. bxc3 Qxe7 12. cxd5 exd5 13. c4 dxc4 14. Bxc4 Nb6 15. Bb3 Bg4 16. Qd2 Bxf3 17. gxf3 Rad8 18. Rg1 Rfe8 19. Kf1 Qh4 20. Rg2 Qh3 21. f4 Nd5 22. Kg1 Nf6 23. Qd3 Kf8 24. Rg3 Qh4 25. Qf5 g6 26. Qc5+ Re7 27. Qxa7 g5 28. Qa5 Rde8 29. fxg5 Ne4 30. g6 Nxg3 31. hxg3 Qg4 32. gxf7 Rb8 33. Qb4 Qe4 34. Qd6 1-0

[Event "Muensterland Verbandsliga 0405"]
[Site "Muensterland"]
[Date "2004.11.13"]
[Round "3.8"]
[White "Koenig, Holger"]
[Black "Wuestnienhaus, Andreas"]
[Result "1/2-1/2"]
[WhiteElo "1796"]
[BlackElo "1908"]
[PlyCount "73"]
[EventDate "2004.09.18"]
[EventType "team"]
[EventRounds "9"]
[EventCountry "GER"]
[SourceTitle "EXT 2006"]
[Source "ChessBase"]
[SourceDate "2005.11.24"]
[SourceVersion "1"]
[SourceVersionDate "2005.11.24"]
[SourceQuality "1"]
[WhiteTeam "Saerbeck"]
[BlackTeam "Bocholt"]
[WhiteTeamCountry "GER"]
[BlackTeamCountry "GER"]

1. d4 d5 2. Nf3 c6 3. c3 Bf5 4. Bf4 Nf6 5. e3 g6 6. Bd3 Bxd3 7. Qxd3 Bg7 8. Nbd2 Nbd7 9. h3 0-0 10. 0-0 c5 11. Rac1 Qb6 12. b3 Rac8 13. Ne5 Rfd8 14. Ndf3 Ne4 15. Nxd7 Rxd7 16. Ne5 Rdd8 17. c4 Qa6 18. cxd5 Qxd3 19. Nxd3 cxd4 20. Rxc8 Rxc8 21. Rc1 Rxc1+ 22. Nxc1 Nc3 23. d6 exd6 24. Bxd6 dxe3 25. fxe3 f5 26. Bc5 b6 27. Bd4 Bxd4 28. exd4 Kf7 29. Kf2 Ke6 30. Ke3 Nd5+ 31. Kf3 Nb4 32. a4 Nc2 33. Ne2 a5 34. g4 Ne1+ 35. Kf2 Nc2 36. Kf3 Ne1+ 37. Kf2 1/2-1/2

[Event "Muensterland Verbandsliga 0203"]
[Site "Muensterland"]
[Date "2003.03.08"]
[Round "7.7"]
[White "Wuestnienhaus, Andreas"]
[Black "Waltermann, Jens"]
[Result "1/2-1/2"]
[WhiteElo "1917"]
[BlackElo "1805"]
[PlyCount "33"]
[EventDate "2002.09.21"]
[EventType "team"]
[EventRounds "9"]
[EventCountry "GER"]
[SourceTitle "EXT 2004"]
[Source "ChessBase"]
[SourceDate "2003.11.25"]
[SourceVersion "1"]
[SourceVersionDate "2003.11.25"]
[SourceQuality "1"]
[WhiteTeam "Bocholt"]
[BlackTeam "Saerbeck Falke"]
[WhiteTeamCountry "GER"]
[BlackTeamCountry "GER"]

1. d4 Nf6 2. c4 g6 3. Nc3 Bg7 4. e4 d6 5. Nge2 e5 6. d5 0-0 7. Ng3 Nbd7 8. Be2 Ne8 9. Bg4 Qh4 10. Bh3 Nc5 11. Bxc8 Rxc8 12. b4 Na6 13. Rb1 f5 14. Qe2 Nb8 15. 0-0 f4 16. Nh1 g5 17. f3 1/2-1/2

[Event "Muensterland Verbandsliga 0203"]
[Site "Muensterland"]
[Date "2003.01.11"]
[Round "5.7"]
[White "Wuestnienhaus, Andreas"]
[Black "Roesner, Harald"]
[Result "1/2-1/2"]
[WhiteElo "1917"]
[BlackElo "2002"]
[PlyCount "93"]
[EventDate "2002.09.21"]
[EventType "team"]
[EventRounds "9"]
[EventCountry "GER"]
[SourceTitle "EXT 2004"]
[Source "ChessBase"]
[SourceDate "2003.11.25"]
[SourceVersion "1"]
[SourceVersionDate "2003.11.25"]
[SourceQuality "1"]
[WhiteTeam "Bocholt"]
[BlackTeam "Neuenkirchen"]
[WhiteTeamCountry "GER"]
[BlackTeamCountry "GER"]

1. d4 Nf6 2. c4 g6 3. Nc3 d5 4. Nf3 Bg7 5. g3 c6 6. cxd5 cxd5 7. Qb3 0-0 8. Bg2 Nc6 9. 0-0 Na5 10. Qb4 b6 11. Bf4 Bb7 12. Rac1 Nh5 13. Bg5 Nc6 14. Qa4 a6 15. Rfd1 b5 16. Qb3 h6 17. Bf4 Nxf4 18. gxf4 e6 19. e3 Qe7 20. a4 b4 21. Na2 a5 22. Rc5 Rfc8 23. Rdc1 Bf8 24. Bf1 Qd8 25. R5c2 Ne7 26. Qd3 Rxc2 27. Qxc2 Rc8 28. Qd2 Nf5 29. Rxc8 Qxc8 30. Qc1 Qd8 31. Qc2 Qb6 32. Nc1 Nd6 33. Ne5 Qd8 34. b3 Ne4 35. Bd3 Bd6 36. f3 Bxe5 37. fxe4 dxe4 38. Bxe4 Bxe4 39. Qxe4 Bg7 40. Nd3 Qc7 41. Nc5 Kh7 42. Qb7 Qd8 43. Qxf7 Qh4 44. Nxe6 Qe1+ 45. Kg2 Qe2+ 46. Kg1 Qe1+ 47. Kg2 1/2-1/2